Statystyki dla Anime postacie

Kliknij tutaj aby rozwiązać quiz!

Ogólne statystyki

  • Ten quiz został rozwiązany 419 razy
  • Średni wynik to 19 z 50

Statystyki odpowiedzi

PostaćAnime% Poprawnych
Naruto UzumakiNaruto
90%
SaitamaOne Punch Man / OPM
82%
Ash KetchumPokemon
82%
Eren YeagerShingeki No Kyojin / Attack on Titan
82%
AkameAkame ga Kill!
77%
Izuku MidoriyaBoku no Hero Academia / My Hero Academia
77%
RyukDeath Note
76%
Goblin SlayerGoblin Slayer
74%
Zero TwoDarling in the FranXX
72%
Ken KanekiTokyo Ghoul
72%
Nezuko KamadoKimetsu no Yaiba / Demon Slayer
64%
Dio BrandoJoJo
60%
AstaBlack Clover
55%
YatoNoragami
55%
Rias GremoryHigh School DxD / HSDxD
53%
Edward ElricFullmetal Alchemist: Brotherhood
52%
MeguminKonoSuba
51%
SoraNo Game No Life
50%
Natsu DragneelFairy Tail
49%
Yuno GasaiMirai Nikki / The Future Diary
47%
AlucardHellsing
45%
AlbedoOverlord
44%
Senku IshigamiDr. Stone
38%
Chika FujiwaraKaguya-sama: Love is War
37%
BeatriceRe:Zero
34%
Mei MisakiAnother
30%
HeathcliffSword Art Online / SAO
30%
RaphtaliaTate no Yuusha no Nariagari
26%
Nao TomoriCharlotte
23%
Kurisu MakiseSteins;Gate
22%
IslaPlastic Memories
19%
Takumi FujiwaraInitial D
18%
Origami TobiichiDate a Live
17%
Tanya DegurechaffYoujo Senki
17%
Minori KushiedaToradora!
16%
Shigeo KageyamaMob Psycho 100
15%
Shinoa HiiragiOwari no Seraph
15%
SakamotoSakamoto desu ga?
15%
KatyushaGirls und Panzer
14%
Mitsuha MiyamizuKimi no Na wa / Your Name
13%
T.K.Angel Beats!
12%
TwelveZankyou no Terror
10%
NekoK
9%
Naruse MioShinmai Maou no Testament
8%
Enju AiharaBlack Bullet
7%
Nico YazawaLove Live! School Idol Project
7%
Emile CrossfodeHundred
5%
DinoBlend S
4%
Kazuki KazamiGrisaia no Kajitsu
4%
Harutora TsuchimikadoTokyo Ravens
4%

Rozkład punktacji

Percentyl według liczby udzielonych odpowiedzi

Procent ludzi z każdym wynikiem

Twoja historia wyników

Nie rozwiązałeś tego quizu